Profesiogram a jeho význam v personálnom riadení podniku

Vymedzenie pojmu profesiografia. Metódy, ktoré profesiografia používa pri analýze pracovnej činnosti. Psychologická profesiografia. Profesiogram a jeho členenie. Obsah profesiogramu.

Salvato in:
Dettagli Bibliografici
Autore principale: Szarková, Miroslava, 1951-
Natura: Capitolo di libro
Lingua:slovacco
Soggetti:
Tags: Aggiungi Tag
Nessun Tag, puoi essere il primo ad aggiungerne!!

MARC

LEADER 00000naa a2200000 4500
001 r036864
005 20240502071333.2
041 0 |a slo 
044 |a SK 
245 1 0 |a Profesiogram a jeho význam v personálnom riadení podniku  |c Miroslava Szarková 
520 |a Vymedzenie pojmu profesiografia. Metódy, ktoré profesiografia používa pri analýze pracovnej činnosti. Psychologická profesiografia. Profesiogram a jeho členenie. Obsah profesiogramu. 
610 2 0 |a profesiografia 
610 2 0 |a profesiogramy 
610 2 0 |a riadenie podnikové 
610 2 0 |a manažment personálny 
610 2 0 |a psychológia podniková 
610 2 0 |a psychológia práce 
100 1 |a Szarková, Miroslava, 1951-